| Tag |
First Indicator |
Second Indicator |
Subfields |
| LEADER |
00000cam a2200000Ia 4500 |
| 001 |
in00002486607 |
| 005 |
20151110102027.0 |
| 008 |
090223s2008 enka j 001 0 eng d |
| 020 |
|
|
|a 9780756640286
|
| 020 |
|
|
|a 0756640288
|
| 035 |
|
|
|a (OCoLC)ocn310363595
|
| 040 |
|
|
|a ZAC
|c ZAC
|d XFG
|d UtOrBLW
|
| 049 |
|
|
|a TXAM
|
| 050 |
|
0 |
|a T48
|b .W86 2008
|
| 100 |
1 |
|
|a Woodford, Chris.
|
| 245 |
1 |
0 |
|a Cool stuff exploded :
|b get inside modern technology /
|c written by Chris Woodford.
|
| 264 |
|
1 |
|a New York :
|b DK Publishing,
|c [2008]
|
| 264 |
|
4 |
|c ©2008
|
| 300 |
|
|
|a 256 pages :
|b color illustrations ;
|c 31 cm. +
|e 1 CD-ROM (4 3/4 in.).
|
| 336 |
|
|
|a text
|b txt
|2 rdacontent
|
| 337 |
|
|
|a unmediated
|b n
|2 rdamedia
|
| 338 |
|
|
|a volume
|b nc
|2 rdacarrier
|
| 500 |
|
|
|a Includes index.
|
| 520 |
|
|
|a Many inventions, objects and gadgets in exploded view and the ways they work explored.
|
| 650 |
|
0 |
|a Inventions
|v Juvenile literature.
|
| 650 |
|
0 |
|a High technology
|v Juvenile literature.
|
| 650 |
|
1 |
|a Inventions.
|
| 650 |
|
1 |
|a High technology.
|
| 945 |
|
|
|a PromptCat
|b 692796
|
| 946 |
|
|
|a curr
|
| 947 |
|
|
|a A14839847321
|
| 948 |
|
|
|a cataloged
|b h
|c 2009/6/4
|d c
|e dmitchel
|f 12:44:18 pm
|
| 994 |
|
|
|a 92
|b TXA
|
| 999 |
|
|
|a MARS
|
| 999 |
f |
f |
|s b62036f7-6ad0-3891-a283-b0fcec399d54
|i 510bf60e-9d3a-322c-bfa4-4d243b324965
|t 0
|
| 952 |
f |
f |
|p normal
|a Texas A&M University
|b College Station
|c Sterling C. Evans Library
|s Evans curr
|d Evans: Curriculum Collection (4th floor)
|t 0
|e T48 .W86 2008
|h Library of Congress classification
|i unmediated -- volume
|m A14839847321
|
| 998 |
f |
f |
|a T48 .W86 2008
|t 0
|l Evans: Curriculum Collection (4th floor)
|